Normal view
MARC view
Entry Topical Term
001 - CONTROL NUMBER
- control field: 2477
003 - CONTROL NUMBER IDENTIFIER
- control field: OSt
005 - DATE AND TIME OF LATEST TRANSACTION
- control field: 20150116171053.0
008 - FIXED-LENGTH DATA ELEMENTS
- fixed length control field: 150116|| aca||aabn | a|a d
040 ## - CATALOGING SOURCE
- Original cataloging agency: OSt
- Transcribing agency: OSt
150 ## - HEADING--TOPICAL TERM
- Topical term or geographic name entry element: Blood
- General subdivision: Transfusion.
670 ## - SOURCE DATA FOUND
- Source citation: Work cat.: (OSt)923: Practical transfusion medicine /, 2005.
